00371nam a2200157Ia 4500008004000000041000800040082001200048100002000060245003400080260004900114650001400163650000700177650000900184650001100193650000900204210210b1934 xxu||||| |||| 00| 0 eng d aeng a580/282 aSTRASBURGER (E) aHand book of practical botany aLondonbGeorge Allen and Unwin Limitedc1934 apractical aof aHand abotany abook